[Event "114th YMCA Autumn D"]
[Site "Chylice"]
[Date "2012.10.18"]
[Round "5"]
[White "Wisniewski, Jacek"]
[Black "Rylska, Kamila"]
[Result "1-0"]
[WhiteElo "1438"]
[BlackElo "1361"]
[PlyCount "65"]
[EventDate "2012.09.17"]
[EventType "tourn"]
[EventRounds "1"]
[EventCountry "POL"]
[SourceDate "2012.09.17"]

1. e4 e5 2. Nf3 d5 3. exd5 e4 4. Qe2 Nf6 5. Nc3 Be7 6. Nxe4 O-O 7. Nxf6+ Bxf6
8. Qd1 Re8+ 9. Be2 Qxd5 10. O-O Bg4 11. Nd4 Bxe2 12. Nxe2 Qe5 13. Nc3 Nc6 14.
d3 Rad8 15. Bd2 Nd4 16. Ne4 Re6 17. c3 Nf5 18. Nxf6+ Qxf6 19. d4 Red6 20. Bf4
R6d7 21. Qg4 Nd6 22. Be5 Qh6 23. Qf4 Qxf4 24. Bxf4 Ne4 25. Rfe1 Nf6 26. Bg5 Rd6
27. Re7 Rc6 28. Rae1 Kf8 29. Bxf6 Rxf6 30. Rxc7 Rb8 31. Ree7 Rb6 32. Rxf7+ Ke8
33. Rxg7 1-0

[Event "114th YMCA Autumn D"]
[Site "Chylice"]
[Date "2012.10.15"]
[Round "5"]
[White "Chylewski, Patryk"]
[Black "Golecki, Jan"]
[Result "1-0"]
[WhiteElo "1579"]
[BlackElo "1354"]
[PlyCount "49"]
[EventDate "2012.09.17"]
[EventType "tourn"]
[EventRounds "1"]
[EventCountry "POL"]
[SourceDate "2012.09.17"]

1. e4 d5 2. exd5 Qxd5 3. Nc3 Qa5 4. d4 Nf6 5. Nf3 c6 6. Bd3 Bg4 7. h3 Bh5 8.
Qe2 e6 9. g4 Bg6 10. Bd2 Nbd7 11. O-O-O O-O-O 12. Bxg6 hxg6 13. Ng5 Nd5 14.
Nxf7 Bb4 15. Nxd5 Bxd2+ 16. Qxd2 Qxd5 17. Kb1 Rhf8 18. Nxd8 Kxd8 19. f4 Nf6 20.
Rhe1 Kd7 21. Qb4 Rb8 22. Qa3 a6 23. Qd3 g5 24. Qg6 Rg8 25. fxg5 1-0

[Event "114th YMCA Autumn D"]
[Site "Chylice"]
[Date "2012.10.15"]
[Round "5"]
[White "Chylewski, Daniel"]
[Black "Gajda, Stanislaw"]
[Result "0-1"]
[WhiteElo "1302"]
[BlackElo "1637"]
[PlyCount "74"]
[EventDate "2012.09.17"]
[EventType "tourn"]
[EventRounds "1"]
[EventCountry "POL"]
[SourceDate "2012.09.17"]

1. d4 Nf6 2. Nf3 d5 3. c4 c6 4. Bf4 Nh5 5. Bg3 Nxg3 6. hxg3 Bf5 7. cxd5 cxd5 8.
e3 Nc6 9. Nc3 e6 10. Qb3 Qd7 11. Bb5 a6 12. Qa4 Rb8 13. Ne5 axb5 14. Nxd7 bxa4
15. Nxb8 Nxb8 16. Nxa4 Bb4+ 17. Nc3 Ke7 18. a3 Ba5 19. b4 Bb6 20. a4 Rc8 21.
Kd2 Rc4 22. a5 Bc7 23. b5 Nd7 24. a6 bxa6 25. bxa6 Nb6 26. a7 Na8 27. Nb5 Kd7
28. Rhb1 Bxb1 29. Rxb1 Ra4 30. Nxc7 Kxc7 31. Rb8 Rxa7 32. Rh8 Kd6 33. Rxh7 f6
34. Ke2 Nb6 35. g4 Nc4 36. g5 Rc7 37. Kf3 Nd2+ 0-1

[Event "114th YMCA Autumn D"]
[Site "Chylice"]
[Date "2012.10.18"]
[Round "5"]
[White "Moscicki, Slawomir"]
[Black "Golecka, Jadwiga"]
[Result "1-0"]
[WhiteElo "1412"]
[BlackElo "1280"]
[PlyCount "95"]
[EventDate "2012.09.17"]
[EventType "tourn"]
[EventRounds "1"]
[EventCountry "POL"]
[SourceDate "2012.09.17"]

1. e4 e5 2. Nf3 Nc6 3. Bb5 Nf6 4. O-O a6 5. Ba4 b5 6. Bb3 d6 7. Re1 Bg4 8. c3
Be7 9. d4 exd4 10. cxd4 O-O 11. Nc3 Na5 12. Bc2 c6 13. e5 dxe5 14. dxe5 Nd7 15.
h3 Bh5 16. e6 fxe6 17. Rxe6 Bxf3 18. gxf3 Bc5 19. Be3 Bxe3 20. fxe3 Qg5+ 21.
Kh2 Nc5 22. f4 Qh4 23. Re5 Qf2+ 24. Kh1 Rad8 25. Qf1 Qxc2 26. Rxc5 Qxb2 27. Rb1
Qd2 28. Re1 Qd6 29. Ne4 Qe7 30. Re5 Qf7 31. Ng5 Qxa2 32. Ne6 Nc4 33. Qg1 g6 34.
Rg5 Nd2 35. Rxg6+ Kh8 36. Rh6 Rg8 37. Ng5 Rd7 38. Qg4 Qd5+ 39. e4 Qd4 40. Qh4
Rxg5 41. fxg5 Nf3 42. Qf4 Qb4 43. Rf1 Nd2 44. Qe5+ Rg7 45. Qe8+ Rg8 46. Rxh7+
Kxh7 47. Qh5+ Kg7 48. Qh6# 1-0

[Event "114th YMCA Autumn D"]
[Site "Chylice"]
[Date "2012.10.18"]
[Round "5"]
[White "Piotrowicz, Jakub"]
[Black "Moscicka, Pola"]
[Result "0-1"]
[WhiteElo "1430"]
[BlackElo "1399"]
[PlyCount "116"]
[EventDate "2012.09.17"]
[EventType "tourn"]
[EventRounds "1"]
[EventCountry "POL"]
[SourceDate "2012.09.17"]

1. d4 Nf6 2. c4 c5 3. Nf3 e6 4. Nc3 d5 5. Bg5 Be7 6. e3 Nc6 7. Qd2 O-O 8. Bxf6
Bxf6 9. dxc5 dxc4 10. Bxc4 Ne5 11. Nxe5 Qxd2+ 12. Kxd2 Bxe5 13. f4 Bf6 14. Kc2
Be7 15. b4 a5 16. a3 Bd7 17. Bb5 Bc6 18. Bxc6 bxc6 19. Rad1 Rfb8 20. Rd7 Bf6
21. Rb1 h6 22. Ne4 axb4 23. Nxf6+ gxf6 24. axb4 Ra2+ 25. Rb2 Rxb2+ 26. Kxb2
Rxb4+ 27. Kc3 Rb5 28. Kc4 Rb2 29. Rc7 Rc2+ 30. Kd4 e5+ 31. fxe5 fxe5+ 32. Kxe5
Rxc5+ 33. Kf4 Rc2 34. Kf3 c5 35. h4 c4 36. g4 c3 37. e4 Rh2 38. h5 Rh3+ 39. Kf4
Kf8 40. Ke5 Ke8 41. Kf6 Kd8 42. Rc4 Rf3+ 43. Kg7 Rf4 44. Kxh6 Rxg4 45. Rxc3
Rxe4 46. Rg3 Rh4 47. Rg5 Ke7 48. Ra5 Ke6 49. Kg7 f5 50. h6 Rg4+ 51. Kh8 f4 52.
h7 f3 53. Ra8 f2 54. Rg8 f1=Q 55. Rxg4 Qf8+ 56. Rg8 Qf6+ 57. Rg7 Qd4 58. Kg8
Qd8# 0-1

[Event "114th YMCA Autumn D"]
[Site "Chylice"]
[Date "2012.11.02"]
[Round "6"]
[White "Rozycki, Wojciech"]
[Black "Moscicka, Pola"]
[Result "1-0"]
[WhiteElo "1447"]
[BlackElo "1399"]
[PlyCount "67"]
[EventDate "2012.09.17"]
[EventType "tourn"]
[EventRounds "1"]
[EventCountry "POL"]
[SourceDate "2012.09.17"]

1. e4 c5 2. c3 Nf6 3. e5 Nd5 4. d4 e6 5. c4 Nb6 6. a4 a5 7. f4 Nc6 8. Nf3 Be7
9. Be3 cxd4 10. Nxd4 Bb4+ 11. Nc3 d5 12. Nc2 Bxc3+ 13. bxc3 Nxc4 14. Bc5 Nb6
15. Na3 Nd7 16. Bd6 Ne7 17. Bd3 O-O 18. Qh5 g6 19. Qh6 b6 20. Kd2 Nc5 21. g4
Nb3+ 22. Kc2 Nxa1+ 23. Kb2 Ba6 24. Nb5 Re8 25. f5 Kh8 26. f6 Nf5 27. gxf5 Rg8
28. fxg6 fxg6 29. f7 Rf8 30. Bxg6 Rxf7 31. Bxf7 Bxb5 32. Rg1 Qg8 33. Qf6+ Qg7
34. Qxg7# 1-0

[Event "114th YMCA Autumn D"]
[Site "Chylice"]
[Date "2012.10.22"]
[Round "6"]
[White "Golecka, Jadwiga"]
[Black "Piotrowicz, Jakub"]
[Result "0-1"]
[WhiteElo "1280"]
[BlackElo "1430"]
[PlyCount "104"]
[EventDate "2012.09.17"]
[EventType "tourn"]
[EventRounds "1"]
[EventCountry "POL"]
[SourceDate "2012.09.17"]

1. e4 e5 2. f4 Nc6 3. Nf3 d6 4. Bc4 Bg4 5. O-O Nf6 6. h3 Bxf3 7. Qxf3 Nd4 8.
Qd1 Nxe4 9. fxe5 dxe5 10. Bxf7+ Ke7 11. d3 Nf6 12. Bh5 Nxc2 13. Qxc2 Nxh5 14.
Bg5+ Nf6 15. Qc5+ Qd6 16. Qe3 Qd4 17. Qxd4 exd4 18. Nd2 h6 19. Rae1+ Kf7 20.
Bf4 c5 21. Be5 Be7 22. Ne4 b6 23. g4 Kg6 24. Nxf6 Bxf6 25. Bxf6 gxf6 26. Re6
Rhf8 27. h4 Rae8 28. Rxe8 Rxe8 29. Kf2 Re3 30. Rd1 Rh3 31. h5+ Kg5 32. Rg1 Rxd3
33. Ke2 Re3+ 34. Kf2 Rh3 35. Kg2 Kxg4 36. Kf2+ Kxh5 37. Rg7 Rh2+ 38. Ke1 Rxb2
39. Rxa7 Kg6 40. Rb7 h5 41. Kf1 h4 42. Kg1 h3 43. Kh1 d3 44. Rd7 c4 45. Rc7 b5
46. a3 Re2 47. Rb7 d2 48. Rd7 c3 49. Kg1 c2 50. Kf1 Rg2 51. Re7 d1=Q+ 52. Re1
Qf3# 0-1

[Event "114th YMCA Autumn D"]
[Site "Chylice"]
[Date "2012.11.02"]
[Round "6"]
[White "Gajda, Stanislaw"]
[Black "Moscicki, Slawomir"]
[Result "1/2-1/2"]
[WhiteElo "1637"]
[BlackElo "1412"]
[PlyCount "62"]
[EventDate "2012.09.17"]
[EventType "tourn"]
[EventRounds "1"]
[EventCountry "POL"]
[SourceDate "2012.09.17"]

1. e4 c5 2. Nf3 d6 3. d4 cxd4 4. Nxd4 Nf6 5. Nc3 g6 6. Be2 Bg7 7. O-O O-O 8.
Be3 Nc6 9. f4 e6 10. Bd3 e5 11. Nde2 Bg4 12. f5 d5 13. exd5 Nxd5 14. Nxd5 Qxd5
15. c4 Qd6 16. h3 Bxe2 17. Bxe2 Nd4 18. fxg6 fxg6 19. Bf3 Nxf3+ 20. Rxf3 Qxd1+
21. Rxd1 e4 22. Rxf8+ Rxf8 23. Rd7 Rf7 24. Rd8+ Rf8 25. Rxf8+ Kxf8 26. Bxa7
Bxb2 27. Kf2 Bc1 28. Be3 Ba3 29. Bh6+ Kf7 30. Bd2 Bc5+ 31. Kg3 Bd6+ 1/2-1/2

[Event "114th YMCA Autumn D"]
[Site "Chylice"]
[Date "2012.10.22"]
[Round "6"]
[White "Golecki, Jan"]
[Black "Chylewski, Daniel"]
[Result "1-0"]
[WhiteElo "1354"]
[BlackElo "1302"]
[PlyCount "25"]
[EventDate "2012.09.17"]
[EventType "tourn"]
[EventRounds "1"]
[EventCountry "POL"]
[SourceDate "2012.09.17"]

1. e4 e5 2. f4 exf4 3. Nf3 Be7 4. Bc4 Bh4+ 5. Kf1 d6 6. Nxh4 Qxh4 7. d4 Bg4 8.
Qe1 Qf6 9. e5 dxe5 10. Qxe5+ Qxe5 11. dxe5 f3 12. g3 Bh3+ 13. Kf2 1-0

[Event "114th YMCA Autumn D"]
[Site "Chylice"]
[Date "2012.10.30"]
[Round "6"]
[White "Rylska, Kamila"]
[Black "Chylewski, Patryk"]
[Result "0-1"]
[WhiteElo "1361"]
[BlackElo "1579"]
[PlyCount "72"]
[EventDate "2012.09.17"]
[EventType "tourn"]
[EventRounds "1"]
[EventCountry "POL"]
[SourceDate "2012.09.17"]

1. e4 c5 2. Nf3 d6 3. d4 cxd4 4. Nxd4 Nf6 5. Nc3 a6 6. Bg5 e6 7. Bd3 Be7 8. O-O
Qc7 9. Re1 Nbd7 10. Qe2 O-O 11. Nf3 b5 12. e5 dxe5 13. Nxe5 Nc5 14. Qf3 Bb7 15.
Qg3 Nxd3 16. Qxd3 Rfd8 17. Qg3 b4 18. Ne2 Ne4 19. Qf4 Bxg5 20. Qf3 Qxe5 21. Ng3
Qf4 22. Nxe4 Qxf3 23. gxf3 Bxe4 24. fxe4 Rd2 25. Rac1 Rc8 26. b3 Rcxc2 27. Ra1
Rxa2 28. Rac1 Rac2 29. Rb1 Rxf2 30. Ra1 Rg2+ 31. Kh1 Rxh2+ 32. Kg1 Rcg2+ 33.
Kf1 Ra2 34. Rxa2 Rxa2 35. Rc1 Bxc1 36. Ke1 h5 0-1

[Event "114th YMCA Autumn D"]
[Site "Chylice"]
[Date "2012.10.25"]
[Round "6"]
[White "Duniec, Mateusz"]
[Black "Wisniewski, Jacek"]
[Result "1/2-1/2"]
[WhiteElo "1617"]
[BlackElo "1438"]
[PlyCount "61"]
[EventDate "2012.09.17"]
[EventType "tourn"]
[EventRounds "1"]
[EventCountry "POL"]
[SourceDate "2012.09.17"]

1. e4 e5 2. Nf3 Nc6 3. Bc4 Bc5 4. c3 Nf6 5. d3 d6 6. h3 Na5 7. Bb5+ Nc6 8. O-O
a6 9. Bxc6+ bxc6 10. d4 exd4 11. cxd4 Bb6 12. Bg5 Be6 13. Qc2 Qd7 14. Nc3 h6
15. Bxf6 gxf6 16. Kh2 Rg8 17. Rg1 d5 18. exd5 cxd5 19. Qa4 c6 20. Ne2 Bc7+ 21.
Ng3 Bxg3+ 22. fxg3 Qd6 23. Kh1 Rc8 24. g4 f5 25. gxf5 Bxf5 26. Rae1+ Be4 27.
Qxa6 Kd8 28. Ne5 Qe6 29. Qa5+ Rc7 30. Re3 f6 31. Qa8+ 1/2-1/2

[Event "114th YMCA Autumn D"]
[Site "Chylice"]
[Date "2012.11.10"]
[Round "7"]
[White "Wisniewski, Jacek"]
[Black "Rozycki, Wojciech"]
[Result "0-1"]
[WhiteElo "1438"]
[BlackElo "1447"]
[PlyCount "90"]
[EventDate "2012.09.17"]
[EventType "tourn"]
[EventRounds "1"]
[EventCountry "POL"]
[SourceDate "2012.09.17"]

1. e4 c5 2. Nf3 d6 3. d4 cxd4 4. Nxd4 Nf6 5. Nc3 Nc6 6. f3 d5 7. Nxc6 bxc6 8.
e5 Nd7 9. f4 Nc5 10. Be3 e6 11. Bd4 f6 12. exf6 gxf6 13. Qh5+ Kd7 14. Qf7+ Qe7
15. Qxf6 Rg8 16. Qxe7+ Bxe7 17. g3 h5 18. Be5 Bd6 19. Bxd6 Kxd6 20. O-O-O e5
21. fxe5+ Kxe5 22. Be2 h4 23. Rhg1 h3 24. Rge1 Kd6 25. Bf3 Kc7 26. Nxd5+ cxd5
27. Bxd5 Bg4 28. Rd2 Rae8 29. Rf1 Rgf8 30. Rdf2 Rxf2 31. Rxf2 Re1+ 32. Kd2 Rd1+
33. Kc3 Rxd5 34. Kc4 Re5 35. Kd4 Nd7 36. c4 Ra5 37. b4 Re5 38. a4 Re1 39. Ra2
Rg1 40. Ke3 Be6 41. Rc2 Ne5 42. c5 Nc4+ 43. Kd3 Rg2 44. Kc3 Ne3 45. Rd2 Nf1 0-1

[Event "114th YMCA Autumn D"]
[Site "Chylice"]
[Date "2012.11.08"]
[Round "7"]
[White "Chylewski, Patryk"]
[Black "Duniec, Mateusz"]
[Result "1-0"]
[WhiteElo "1579"]
[BlackElo "1617"]
[PlyCount "33"]
[EventDate "2012.09.17"]
[EventType "tourn"]
[EventRounds "1"]
[EventCountry "POL"]
[SourceDate "2012.09.17"]

1. e4 c5 2. Nf3 d6 3. d4 cxd4 4. Nxd4 Nf6 5. Nc3 g6 6. f4 Bg7 7. e5 dxe5 8.
fxe5 Ng4 9. Bb5+ Bd7 10. Qxg4 Bxb5 11. Ndxb5 Bxe5 12. Bf4 Bxf4 13. Qxf4 O-O 14.
Nc7 e5 15. Qc4 Qc8 16. b3 Nc6 17. Nxa8 1-0

[Event "114th YMCA Autumn D"]
[Site "Chylice"]
[Date "2012.11.06"]
[Round "7"]
[White "Chylewski, Daniel"]
[Black "Rylska, Kamila"]
[Result "0-1"]
[WhiteElo "1302"]
[BlackElo "1361"]
[PlyCount "52"]
[EventDate "2012.09.17"]
[EventType "tourn"]
[EventRounds "1"]
[EventCountry "POL"]
[SourceDate "2012.09.17"]

1. d4 d5 2. Nf3 Nf6 3. c4 e6 4. Bf4 Bb4+ 5. Nc3 O-O 6. e3 Nbd7 7. Qb3 Bxc3+ 8.
Qxc3 b6 9. Bd3 c5 10. Bd6 cxd4 11. Qxd4 Re8 12. cxd5 Nxd5 13. Be4 Bb7 14. Rc1
Rc8 15. O-O Qf6 16. Ne5 Qd8 17. Qa4 Nxe5 18. Bxe5 Qh4 19. Qd7 Ba6 20. Bd3 Rcd8
21. Qxa7 Bxd3 22. Rfd1 Be4 23. Rd4 Rc8 24. Rcd1 Qh5 25. f3 Bc2 26. Rc1 Qxe5 0-1

[Event "114th YMCA Autumn D"]
[Site "Chylice"]
[Date "2012.10.29"]
[Round "7"]
[White "Moscicki, Slawomir"]
[Black "Golecki, Jan"]
[Result "0-1"]
[WhiteElo "1412"]
[BlackElo "1354"]
[PlyCount "80"]
[EventDate "2012.09.17"]
[EventType "tourn"]
[EventRounds "1"]
[EventCountry "POL"]
[SourceDate "2012.09.17"]

1. e4 d5 2. exd5 Qxd5 3. Nc3 Qa5 4. d4 c6 5. Bc4 Bf5 6. Nf3 Nf6 7. a3 e6 8. O-O
Bd6 9. h3 Nbd7 10. Bd3 Bxd3 11. Qxd3 O-O 12. Rb1 a6 13. Re1 Rac8 14. b4 Qc7 15.
Ne4 Nxe4 16. Rxe4 Nf6 17. Rh4 Rfd8 18. Bg5 Be7 19. Ne5 g6 20. Nxf7 Kxf7 21.
Bxf6 Bxf6 22. Rxh7+ Bg7 23. Re1 Qd6 24. Re4 Kg8 25. Reh4 e5 26. Qe3 exd4 27.
Qg5 Qf6 28. Rh8+ Bxh8 29. Rxh8+ Qxh8 30. Qxg6+ Qg7 31. Qe6+ Kh8 32. Qf5 Re8 33.
f4 Re1+ 34. Kh2 Rf8 35. Qh5+ Qh7 36. Qg5 Rg8 37. Qc5 Qg6 38. Qxd4+ Qg7 39. Qf2
Qxg2+ 40. Qxg2 Rxg2+ 0-1

[Event "114th YMCA Autumn D"]
[Site "Chylice"]
[Date "2012.10.29"]
[Round "7"]
[White "Piotrowicz, Jakub"]
[Black "Gajda, Stanislaw"]
[Result "0-1"]
[WhiteElo "1430"]
[BlackElo "1637"]
[PlyCount "49"]
[EventDate "2012.09.17"]
[EventType "tourn"]
[EventRounds "1"]
[EventCountry "POL"]
[SourceDate "2012.09.17"]

1. e4 e5 2. Nf3 Nf6 3. Nxe5 d6 4. Nf3 Nxe4 5. d3 Nf6 6. Nc3 Nc6 7. Bg5 Be7 8.
g3 h6 9. Bf4 Bg4 10. Bg2 Nd4 11. O-O O-O 12. Nb1 Nd5 13. Be3 Nxe3 14. fxe3 Nf5
15. Qe1 Bg5 16. Nxg5 Qxg5 17. Rf4 Rfe8 18. h4 Nxh4 19. gxh4 Qxf4 20. exf4 Rxe1+
21. Kf2 Re2+ 22. Kg3 Rxc2 23. Bxb7 Rb8 24. Kxg4 Rxb7 25. Nc3 0-1

[Event "114th YMCA Autumn D"]
[Site "Chylice"]
[Date "2012.10.29"]
[Round "7"]
[White "Moscicka, Pola"]
[Black "Golecka, Jadwiga"]
[Result "1-0"]
[WhiteElo "1399"]
[BlackElo "1280"]
[PlyCount "123"]
[EventDate "2012.09.17"]
[EventType "tourn"]
[EventRounds "1"]
[EventCountry "POL"]
[SourceDate "2012.09.17"]

1. d4 Nf6 2. c4 g6 3. Nf3 Bg7 4. Nc3 O-O 5. Bf4 d6 6. e3 Nbd7 7. Bd3 Re8 8. O-O
b6 9. Bc2 c5 10. dxc5 Nxc5 11. e4 e5 12. Bg5 Bg4 13. Nb5 Nb7 14. Bb3 a6 15. Nc3
Nc5 16. Qe2 Qd7 17. Bxf6 Bxf6 18. Nd5 Qe6 19. Nc7 Qd7 20. Nxa8 Rxa8 21. h3 Be6
22. Rad1 Re8 23. Rfe1 Bg7 24. Qd2 Rd8 25. Qb4 Qb7 26. Bc2 a5 27. Qc3 Qa6 28. b3
Nd7 29. Qe3 Nf6 30. Nxe5 Qb7 31. Nf3 Qc6 32. e5 Nd7 33. Rxd6 Qc7 34. Red1 Bh8
35. Be4 Bg7 36. Kh1 Re8 37. Qd4 Bh8 38. Bc6 Rd8 39. Bxd7 Bxd7 40. Rxd7 Rxd7 41.
Qxd7 Qxd7 42. Rxd7 Bg7 43. Rb7 Kf8 44. Rxb6 Ke7 45. c5 Kd7 46. Rb7+ Ke8 47. c6
Kd8 48. Rxf7 Bh8 49. Rf8+ Kc7 50. Rxh8 Kxc6 51. Rxh7 Kb6 52. e6 Kc6 53. e7 Kd7
54. Ne5+ Ke8 55. Nxg6 Kd7 56. Rh8 Ke6 57. e8=Q+ Kd5 58. Qd7+ Kc5 59. Rc8+ Kb6
60. Qc7+ Ka6 61. Qc6+ Ka7 62. Ra8# 1-0

[Event "114th YMCA Autumn D"]
[Site "Chylice"]
[Date "2012.11.21"]
[Round "8"]
[White "Rozycki, Wojciech"]
[Black "Golecka, Jadwiga"]
[Result "1-0"]
[WhiteElo "1447"]
[BlackElo "1280"]
[PlyCount "69"]
[EventDate "2012.09.17"]
[EventType "tourn"]
[EventRounds "1"]
[EventCountry "POL"]
[SourceDate "2012.09.17"]

1. e4 e5 2. Nf3 Nc6 3. d4 exd4 4. Nxd4 Bc5 5. Be3 Qf6 6. c3 Nge7 7. Nc2 Bb6 8.
Nd2 O-O 9. Qg4 d6 10. Qg3 Be6 11. Nc4 Bxc4 12. Bxc4 Bxe3 13. Qxe3 Rfe8 14.
O-O-O Rad8 15. Qh3 Qf4+ 16. Kb1 Qxe4 17. Bd3 Qa4 18. Qxh7+ Kf8 19. Qh8+ Ng8 20.
Rde1 g6 21. h4 b5 22. h5 Rxe1+ 23. Rxe1 Qh4 24. Bxb5 Ne5 25. g3 Qh3 26. Nd4
gxh5 27. Nc6 Ra8 28. Nxe5 Qf5+ 29. Bd3 Qc8 30. Nc6 Qd7 31. Bh7 Qg4 32. Ne7 Ke8
33. Nxg8+ Kd8 34. Nf6+ Qg8 35. Qxg8# 1-0

[Event "114th YMCA Autumn D"]
[Site "Chylice"]
[Date "2012.11.08"]
[Round "8"]
[White "Gajda, Stanislaw"]
[Black "Moscicka, Pola"]
[Result "1-0"]
[WhiteElo "1637"]
[BlackElo "1399"]
[PlyCount "67"]
[EventDate "2012.09.17"]
[EventType "tourn"]
[EventRounds "1"]
[EventCountry "POL"]
[SourceDate "2012.09.17"]

1. e4 c5 2. Nf3 d6 3. d4 cxd4 4. Nxd4 Nf6 5. Nc3 g6 6. f4 Nbd7 7. Bd3 Bg7 8.
O-O Qb6 9. Be3 Ng4 10. Qxg4 Bxd4 11. Bxd4 Qxd4+ 12. Kh1 Nf6 13. Qf3 O-O 14.
Rfe1 Qb4 15. Rab1 Bd7 16. a3 Qb6 17. f5 Bc6 18. g4 Rad8 19. g5 Nh5 20. f6 e6
21. Be2 d5 22. Qh3 dxe4 23. Bxh5 gxh5 24. Qxh5 e3+ 25. Kg1 Rd2 26. Ne2 Rxe2 27.
Qxe2 Rd8 28. Rbd1 Rxd1 29. Rxd1 Bb5 30. Qxb5 e2+ 31. Kg2 e1=N+ 32. Kh1 h6 33.
Qxb6 axb6 34. Rxe1 1-0

[Event "114th YMCA Autumn D"]
[Site "Chylice"]
[Date "2012.11.08"]
[Round "8"]
[White "Golecki, Jan"]
[Black "Piotrowicz, Jakub"]
[Result "1-0"]
[WhiteElo "1354"]
[BlackElo "1430"]
[PlyCount "91"]
[EventDate "2012.09.17"]
[EventType "tourn"]
[EventRounds "1"]
[EventCountry "POL"]
[SourceDate "2012.09.17"]

1. e4 e5 2. f4 Nc6 3. Nf3 d6 4. Bc4 Bg4 5. c3 Bxf3 6. Qxf3 Qf6 7. O-O exf4 8.
d4 Nxd4 9. Bxf7+ Qxf7 10. cxd4 O-O-O 11. Bxf4 Nf6 12. Nc3 Qg6 13. Rac1 Kb8 14.
a4 Re8 15. e5 Nd7 16. exd6 Bxd6 17. Nb5 Rc8 18. Bxd6 cxd6 19. Qf4 Rhf8 20.
Rxc8+ Rxc8 21. Nxd6 Rc6 22. Nb5+ Kc8 23. Nxa7+ Kd8 24. Nxc6+ bxc6 25. a5 Qc2
26. Qd6 Ke8 27. Re1+ Kd8 28. h3 Qxb2 29. a6 Qb6 30. Re7 Qa7 31. Rxd7+ Qxd7 32.
Qxd7+ Kxd7 33. a7 c5 34. a8=Q cxd4 35. Qd5+ Ke7 36. Qxd4 Kf7 37. Qb6 h6 38. Kf2
Kg8 39. Qg6 Kf8 40. Ke3 Kg8 41. Ke4 Kh8 42. Kf5 Kg8 43. Ke6 h5 44. Qxh5 g5 45.
Qg6+ Kh8 46. Kf7 1-0

[Event "114th YMCA Autumn D"]
[Site "Chylice"]
[Date "2012.11.08"]
[Round "8"]
[White "Rylska, Kamila"]
[Black "Moscicki, Slawomir"]
[Result "0-1"]
[WhiteElo "1361"]
[BlackElo "1412"]
[PlyCount "73"]
[EventDate "2012.09.17"]
[EventType "tourn"]
[EventRounds "1"]
[EventCountry "POL"]
[SourceDate "2012.09.17"]

1. e4 c5 2. Nf3 d6 3. d4 cxd4 4. Nxd4 Nf6 5. Nc3 g6 6. Bb5+ Bd7 7. Bxd7+ Qxd7
8. O-O Bg7 9. Re1 O-O 10. Bg5 Nc6 11. Nf3 e6 12. Bxf6 Bxf6 13. e5 Be7 14. Ne4
f5 15. exf6 Bxf6 16. Nc5 Qf7 17. Qxd6 Be7 18. Qxe6 Bxc5 19. Qg4 Be7 20. Rad1
Rad8 21. a3 Rxd1 22. Rxd1 h5 23. Qe4 Re8 24. Re1 Kf8 25. Ne5 Nxe5 26. Qxe5 Qf6
27. Qb5 b6 28. Re3 Qf7 29. Rf3 Bf6 30. Qb4+ Re7 31. Qd6 Kg7 32. g3 Qe6 33. Qf4
g5 34. Qb4 Qe1+ 35. Qxe1 Rxe1+ 36. Kg2 Kg6 37. b4 0-1

[Event "114th YMCA Autumn D"]
[Site "Chylice"]
[Date "2012.10.22"]
[Round "8"]
[White "Wisniewski, Jacek"]
[Black "Chylewski, Patryk"]
[Result "0-1"]
[WhiteElo "1438"]
[BlackElo "1579"]
[Annotator "Admin"]
[PlyCount "108"]
[EventDate "2012.09.17"]
[EventType "tourn"]
[EventRounds "1"]
[EventCountry "POL"]
[SourceDate "2012.09.17"]

1. e4 c5 2. Nf3 e6 3. d4 cxd4 4. Nxd4 a6 5. Nc3 Qc7 6. f4 b5 7. e5 Bb7 8. Qd3
Nc6 9. Nxc6 dxc6 10. Be2 Rd8 11. Qe3 Ne7 12. g4 c5 13. Bf3 Nd5 14. Nxd5 Bxd5
15. Bxd5 Rxd5 16. Bd2 c4 17. O-O-O Bc5 18. Qe4 Ke7 19. Be3 Rhd8 20. Rxd5 Rxd5
21. Rd1 b4 22. Rxd5 exd5 23. Qf3 Qb6 24. Bd2 Qc6 25. Be3 $11 Kd7 26. Qf2 Bxe3+
27. Qxe3 a5 28. Qa7+ Qc7 29. Qd4 Kc6 30. h4 Qb6 31. c3 $11 bxc3 32. bxc3 a4 33.
Qxb6+ Kxb6 34. Kd2 Kc5 35. Ke3 g6 36. a3 h6 $11 37. f5 gxf5 38. gxf5 h5 39. f6
d4+ 40. Ke4 $11 dxc3 41. e6 c2 42. exf7 c1=Q 43. f8=Q+ Kc6 44. Qc8+ Kb6 45.
Qe6+ Kc7 46. Qe7+ Kc6 47. Qe6+ Kc7 48. f7 Qc2+ 49. Kd4 Qd3+ 50. Ke5 Qc3+ 51.
Kf5 Qh3+ 52. Kf6 Qxh4+ 53. Kg7 Qg5+ 54. Kh7 Qc5 $138 0-1

[Event "114th YMCA Autumn D"]
[Site "Chylice"]
[Date "2012.09.24"]
[Round "9"]
[White "Chylewski, Patryk"]
[Black "Rozycki, Wojciech"]
[Result "1-0"]
[WhiteElo "1579"]
[BlackElo "1447"]
[PlyCount "49"]
[EventDate "2012.09.17"]
[EventType "tourn"]
[EventRounds "1"]
[EventCountry "POL"]
[SourceDate "2012.09.17"]

1. d4 e6 2. c4 d5 3. Nc3 Bb4 4. cxd5 Qxd5 5. Bf4 Qa5 6. Qb3 Nf6 7. Bxc7 Qxc7 8.
Qxb4 a5 9. Nb5 Qc6 10. Qc5 Qxc5 11. dxc5 O-O 12. Nd6 Nbd7 13. Rc1 b6 14. cxb6
Nxb6 15. Nf3 Ba6 16. e3 Bxf1 17. Rxf1 Rfd8 18. Nb5 Rab8 19. Ne5 Rd5 20. Nc6 Rb7
21. Nbd4 Na4 22. b3 Nb2 23. Rc2 Nd3+ 24. Ke2 Nb4 25. Nxb4 1-0

[Event "114th YMCA Autumn D"]
[Site "Chylice"]
[Date "2012.09.25"]
[Round "9"]
[White "Chylewski, Daniel"]
[Black "Wisniewski, Jacek"]
[Result "0-1"]
[WhiteElo "1302"]
[BlackElo "1438"]
[PlyCount "60"]
[EventDate "2012.09.17"]
[EventType "tourn"]
[EventRounds "1"]
[EventCountry "POL"]
[SourceDate "2012.09.17"]

1. d4 Nf6 2. Nf3 g6 3. c4 Bg7 4. Bf4 O-O 5. e3 d6 6. Bd3 Nbd7 7. Nc3 Qe8 8. O-O
e5 9. dxe5 dxe5 10. Bg3 e4 11. Nb5 Qe7 12. Nxc7 Rb8 13. Nb5 a6 14. Bd6 Qe8 15.
Nc7 Qd8 16. Ng5 exd3 17. Nge6 fxe6 18. Nxe6 Qb6 19. c5 Nxc5 20. Bxb8 Bxe6 21.
Bg3 Qxb2 22. Bd6 Rc8 23. Rb1 Qc2 24. Bxc5 Rxc5 25. Rxb7 Qxd1 26. Rxd1 d2 27.
Rb8+ Bf8 28. Rd8 Nd7 29. Kf1 Bc4+ 30. Kg1 Bb5 0-1

[Event "114th YMCA Autumn D"]
[Site "Chylice"]
[Date "2012.11.15"]
[Round "9"]
[White "Moscicki, Slawomir"]
[Black "Duniec, Mateusz"]
[Result "1/2-1/2"]
[WhiteElo "1412"]
[BlackElo "1617"]
[PlyCount "78"]
[EventDate "2012.09.17"]
[EventType "tourn"]
[EventRounds "1"]
[EventCountry "POL"]
[SourceDate "2012.09.17"]

1. e4 c5 2. Nf3 d6 3. d4 cxd4 4. Nxd4 Nf6 5. Nc3 g6 6. Be3 Bg7 7. f3 O-O 8. Bc4
Nc6 9. Qd2 Bd7 10. h4 Ne5 11. Bb3 h5 12. O-O-O Rc8 13. Bh6 Nc4 14. Bxc4 Rxc4
15. Bxg7 Kxg7 16. g4 Qa5 17. gxh5 Qxh5 18. Nce2 e5 19. Ng3 Qh6 20. Qxh6+ Kxh6
21. Nb3 Rfc8 22. c3 R4c6 23. Nd2 Be6 24. a3 Nh5 25. Nxh5 Kxh5 26. Rdf1 Kh6 27.
f4 exf4 28. Rxf4 Kg7 29. h5 gxh5 30. Rxh5 Kf8 31. Rg5 Rc5 32. Nf3 Rxg5 33. Nxg5
Bb3 34. Kd2 Rc5 35. Nh7+ Ke7 36. Nf6 Rg5 37. Ng4 a6 38. Ke3 Bd1 39. Nh6 Bb3
1/2-1/2